[Event "Canadian op"]
[Site "Ottawa"]
[Date "2007.07.10"]
[Round "5"]
[White "Mikhalevski, Victor"]
[Black "Sambuev, Bator"]
[Result "1-0"]
[WhiteElo "2598"]
[BlackElo "2482"]
[Annotator "CB"]
[PlyCount "73"]
[EventDate "2007.07.07"]
[EventType "swiss"]
[EventRounds "10"]
[EventCountry "CAN"]
[SourceTitle "CBM 119 Extra"]
[Source "ChessBase"]
[SourceDate "2007.09.04"]
[SourceVersion "1"]
[SourceVersionDate "2007.09.04"]
[SourceQuality "1"]

1. d4 Nf6 2. c4 e6 3. g3 d5 4. Bg2 c5 {Black eschews the typical Catalan
setups and offers to transpose to the QGD, Tarrasch.} 5. Nf3 Nc6 6. O-O Be7 7.
cxd5 exd5 8. Nc3 O-O 9. Bg5 cxd4 10. Nxd4 h6 11. Be3 Re8 12. Rc1 Bf8 {All very
theoretical so far. It is amazing how many IQP positions I have had in the
commentary room so far in this tournament. Either it makes anappearance much
more often than I imagined at the GM level, or it just happens to belong to
the repertoire of a surprising number of players at this particular event.} 13.
Nxc6 $5 {Connecting Black's pawns but creating a valuable strategic outpost
for pieces on c5. And naturally there is still concrete play against the now
backward c6-pawn in many lines. I have always found these positions much
easier to play as White, but of course, Black's position can spring to life
quickly if one is lax, so it pays to be vigilant at all times against players
who wield the initiative well.} bxc6 14. Bd4 Bg4 15. f3 Bd7 16. Na4 g6 17. Nc5
Bf5 18. g4 Bc8 {Several people were not impressed with White's bishop at this
point, but its imprisonment is merely temporary.} 19. Qa4 Qd6 20. e3 h5 $5 {
From what I have seen of Black's games, he is not a guy who just likes to sit
around! Still, this aggression did not really achieve what I think he had been
hoping for.} 21. g5 Nh7 22. f4 h4 23. e4 h3 24. e5 Qd8 25. Bf3 Bxc5 $5 {
This hands the dark squares over to White for good. Agreed, Black does not
have a very comfortable game, and the c6-pawn is a major nuisance, but I think
here we have a case of "the cure is worse than the disease".} 26. Rxc5 Bd7 27.
e6 $3 Rxe6 28. Bc3 {Opening up the long diagonal is not such a difficult
concept on its own, but recognizing that it is worth a small investment in
material without the ability to state a forced line of play is where
Mikhalevsky's judgment really shines. Indeed, by the end of the game, he
throws another two pawns into the mix for further line opening opportunities.}
Kf8 29. Qd4 Ke8 30. Ba5 Qb8 31. Rcc1 $1 {Retreating moves are often the most
difficult to find. This clears the a3-f8 diagonal for the bishop, and
reconnects White's rooks.} Nf8 32. Bb4 Qb7 33. Bc5 Rc8 34. f5 gxf5 35. Qh8 Re7
36. g6 $3 {Beautiful and elegant.} ({In the commentary room, we only considered
} 36. Bh5 {(threatening g5-g6)} Be6 37. Rce1 Kd7 38. Bxe7 Kxe7 {, which is
very good for White, but the text ends the game instantly. Another example of
what I think of as move order permutations (probably a throwback to my degree
in Mathematics) - in fact, we were using some of the same moves and themes,
but simply in a less effective manner.}) 36... fxg6 37. Rfe1 (37. Rfe1 {
Absolutely crushing.} Be6 {runs into} 38. Rxe6 $1 {now, so Black simply has no
options but to resign.}) 1-0

[Event "Lubbock SPICE Cup-A"]
[Site "Lubbock"]
[Date "2009.09.22"]
[Round "4"]
[White "Hammer, Jon Ludvig"]
[Black "Akobian, Varuzhan"]
[Result "1-0"]
[WhiteElo "2583"]
[BlackElo "2626"]
[Annotator "CB"]
[PlyCount "91"]
[EventDate "2009.09.19"]
[EventType "tourn"]
[EventRounds "10"]
[EventCountry "USA"]
[EventCategory "16"]
[SourceTitle "CBM 133"]
[Source "ChessBase"]
[SourceDate "2009.11.19"]
[SourceVersion "1"]
[SourceVersionDate "2009.11.19"]
[SourceQuality "1"]

1. d4 d5 2. c4 e6 3. Nf3 c5 4. g3 Nc6 5. cxd5 exd5 6. Bg2 Nf6 7. O-O Be7 8. Nc3
O-O 9. dxc5 Bxc5 10. Bg5 d4 11. Ne4 Be7 12. Bxf6 Bxf6 13. b4 Nxb4 (13... a6 14.
a4 Nxb4 15. Nxf6+ Qxf6 16. Qxd4) 14. Nxf6+ Qxf6 15. Qxd4 Qe7 16. Qe5 Qxe5 17.
Nxe5 Be6 18. Bxb7 Rab8 19. Bf3 Rb5 20. Rfb1 Rfb8 21. a3 Nc2 22. Rxb5 Rxb5 23.
Rd1 g5 24. Nc6 Nxa3 25. Rd8+ Kg7 26. Nd4 Rb6 27. Nxe6+ Rxe6 28. Rd5 Kg6 29. Bg4
Re7 30. Bf5+ Kf6 31. Bd3 Re5 32. Rd6+ Re6 33. Rxe6+ Kxe6 34. Bxh7 Nc4 35. Bd3
Kd5 36. e4+ $1 {Ein wichtiger Tempogewinn für das kommende Bauernendspiel.} (
36. Bxc4+ $2 {gewinnt nicht:} Kxc4 37. h4 (37. Kf1 $2 a5 38. Ke1 Kc3 39. Kd1
Kb2 $19) 37... gxh4 ({Natürlich nicht} 37... Kd5 $2 38. h5 Ke6 (38... Ke5 39.
Kf1) 39. Kf1 {und nun deckt} g4 {den Freibauern.} (39... a5 40. Ke1 f5 (40...
a4 41. Kd2 a3 42. Kc3 $18) 41. Kd2 Kf7 42. Kc3 Kg7 43. f3 g4 (43... Kh6 44. g4
$18) 44. fxg4 fxg4 45. Kb3 Kh6 46. Ka4 Kxh5 47. Kxa5 Kg5 48. Kb4 {führt zu
einem witzigen Königsrennen, bei dem Weiß aufpassen muss:} (48. Kb5 $2 {
macht nur remis:} Kf5 49. Kc5 Ke5 $11 (49... Ke4 $2 50. Kd6 Ke3 51. Ke5 Kxe2
52. Kf4 $18) 50. Kc4 Ke4 51. Kc5 Ke3 52. Kd5 Kf2 (52... Kxe2 $4 53. Ke4 Kf2 54.
Kf4 $18) 53. e4 Kxg3 54. e5 Kf2 55. e6 g3 56. e7 g2 57. e8=Q g1=Q $11) 48...
Kf5 49. Kc3 Ke4 50. Kd2 Kd4 51. e3+ Ke4 52. Ke2 Ke5 53. Kd3 Kd5 54. e4+ Ke5 55.
Ke3 Ke6 56. Kf4 $18) (39... Kf6 40. g4 $18) 40. Ke1 Kf6 41. f3 gxf3 42. exf3
Kg5 43. g4 $18) 38. gxh4 Kd5 39. h5 Ke5 40. f4+ Kf6 $1 {Nur so.} (40... Kf5 $2
41. e4+ $18) 41. Kf2 (41. e4 $2 a5 $19) 41... Kg7 (41... a5 $11) 42. e4 Kh6 43.
Ke3 Kxh5 44. e5 $1 (44. Kd4 $2 {und Schwarz gewinnt:} Kg4 45. f5 a5 46. Kc4 Kf4
47. Kb5 Kxe4 48. Kxa5 Kxf5 49. Kb4 Ke4 50. Kc3 f5 51. Kd2 Kf3 52. Ke1 Kg2 $19)
44... Kg4 45. Ke4 a5 46. f5 a4 47. e6 fxe6 48. fxe6 a3 49. e7 a2 50. e8=Q a1=Q
$11) 36... Kd4 37. Bxc4 Kxc4 38. h4 $1 {Einziger Zug für Weiß, der nicht
verliert und sogar gewinnt.} Kd4 (38... gxh4 39. gxh4 Kd4 40. h5 Ke5 41. f4+ $1
Kf6 42. e5+ Kg7 43. f5 $18) 39. h5 Ke5 40. f4+ $1 {Am einfachsten.} (40. g4 a5
41. Kf1 a4 $19) (40. Kf1 g4 41. Ke2 Kf6 42. f4 gxf3+ 43. Kxf3 Kg7 44. Kf4 Kh6
45. g4 a5 46. Ke5 a4 47. Kd4 $18) 40... gxf4 41. gxf4+ Kf6 42. e5+ Kg7 43. f5 {
Die Bauern entscheiden alleine. Der weiße König muss nicht eingreifen.} a5 44.
e6 fxe6 45. fxe6 a4 46. e7 1-0

[Event "Candidates f Kasparov-Smyslov +4-0=9"]
[Site "Vilnius"]
[Date "1984.04.01"]
[Round "10"]
[White "Smyslov, Vassily V"]
[Black "Kasparov, Garry"]
[Result "1/2-1/2"]
[WhiteElo "2600"]
[BlackElo "2710"]
[Annotator "ChessBase"]
[PlyCount "75"]
[EventDate "1984.03.10"]
[EventType "match"]
[EventRounds "13"]
[EventCountry "URS"]
[SourceTitle "Candidates"]
[Source "ChessBase"]
[SourceDate "1999.07.01"]
[SourceVersion "2"]
[SourceVersionDate "1999.07.01"]
[SourceQuality "1"]

1. d4 d5 2. Nf3 c5 3. c4 e6 4. cxd5 exd5 5. g3 Nf6 6. Bg2 Be7 7. O-O O-O 8. Nc3
Nc6 9. Bg5 cxd4 10. Nxd4 h6 11. Be3 Re8 12. a3 Be6 13. Kh1 Bg4 14. f3 Bh5 15.
Nxc6 bxc6 16. Na4 Qc8 $1 {/\ Qe6} 17. Bd4 Qe6 18. Rc1 Nd7 19. Rc3 Bf6 $6 (19...
Bg6 {>=}) 20. e3 $1 Bg6 21. Kg1 $6 (21. Bxf6 {>=} Qxf6 22. Qd4 $1 (22. Qd2 $2
Nb6 $1) 22... Qxd4 23. exd4 {>< c6}) 21... Be7 $1 {/\ c5} 22. Qd2 Rab8 {/\ Nb6}
23. Re1 {/\ Bf1} (23. Bxa7 $2 Ra8 24. Nc5 Qd6 $1 25. Nxd7 Rxa7 26. Nc5 Bf6 27.
Rcc1 Qe5 $17) (23. b4 $5 Nb6 24. Nb2) 23... a5 24. Bf1 (24. Rcc1 {/\ 25.Qa5?
Ra8 -+}) (24. Nc5 $6 Bxc5 25. Bxc5 Nxc5 26. Rxc5 a4 $1 {>< b2, e3 = >< c6, a4})
24... h5 25. Rec1 Ne5 $6 (25... Rec8 $10 {/\ h4 >< >> = >< c6, c5} 26. Nc5 $6
Nxc5 27. Bxc5 Bxc5 28. Rxc5 Qf6 $1) 26. Bxe5 $6 {>< b2, e3} (26. Kf2 Bf6 27.
Nc5 Qf5 $1 $13) (26. Be2 {>=} Bd6 $1 27. f4 Nc4 28. Bxc4 dxc4 29. Rxc4 Be4 30.
Nc5 Bxc5 31. Bxc5 Bd5 {+/=/<=>}) 26... Qxe5 27. Rxc6 Bf6 28. R6c5 $2 (28. Kf2
Rb3 (28... d4 $2 29. e4 {/\ R1c5}) 29. R6c3 (29. Rc8 $6 Kh7 30. Rxe8 Qxe8 31.
Nc3 Qb8 $1 $36) 29... Rxc3 30. Nxc3 d4 31. exd4 Qxd4+ 32. Qxd4 Bxd4+ 33. Kg2
Rb8 34. b4 $10) 28... Qxe3+ 29. Qxe3 Rxe3 30. Rxd5 Rxf3 31. Be2 (31. Rxa5 $2
Bd4+ 32. Kg2 (32. Kh1 Rxf1+ 33. Rxf1 Be4+ 34. Rf3 Bxf3#) 32... Rf2+) 31... Re3
(31... Rf5 32. Rxf5 Bxf5 33. Bxh5 Bd7 34. Nc5 $2 (34. Rc4 $1 $10) 34... Bd4+ $1
) 32. Bxh5 Bxh5 33. Rxh5 g5 $1 $17 34. Nc3 $1 Rd8 $1 (34... Rxb2 35. Nd5 Bd4
36. Rxg5+ Kf8 37. Kh1 $1) 35. Rc2 Kg7 36. Kg2 Kg6 37. g4 Rd4 $1 38. h3 (38. Rh3
Rxg4+ 39. Rg3 Rgxg3+ 40. hxg3 Be5 41. Ne2 Kf5 42. Kf2 Rb3 $17) (38. h3 Rc4 (
38... Rdd3 39. Ne2 a4 $1 $17 40. h4 $2 Re4 $1) 39. a4 $1 (39. Rf2 Bxc3 40. bxc3
Rcxc3 41. h4 Rg3+ 42. Kf1 gxh4 43. Rxh4 (43. Rxa5 Rc1+ 44. Ke2 Rxg4 {-/+/-+} (
44... h3)) 43... Rc1+ 44. Ke2 Rxa3 {-/+/-+}) 39... Bxc3 40. bxc3 Rcxc3 41. Rxc3
Rxc3 42. h4 f6 43. hxg5 fxg5 44. Rh8 Rc4 45. Kg3 Rxa4 46. Ra8 Kf6 47. Rf8+ $10)
1/2-1/2

[Event "Candidates f Kasparov-Smyslov +4-0=9"]
[Site "Vilnius"]
[Date "1984.03.13"]
[Round "2"]
[White "Smyslov, Vassily V"]
[Black "Kasparov, Garry"]
[Result "1/2-1/2"]
[WhiteElo "2600"]
[BlackElo "2710"]
[Annotator "ChessBase"]
[PlyCount "81"]
[EventDate "1984.03.10"]
[EventType "match"]
[EventRounds "13"]
[EventCountry "URS"]
[SourceTitle "Candidates"]
[Source "ChessBase"]
[SourceDate "1999.07.01"]
[SourceVersion "2"]
[SourceVersionDate "1999.07.01"]
[SourceQuality "1"]

1. d4 d5 2. Nf3 c5 3. c4 e6 4. cxd5 exd5 5. g3 Nf6 6. Bg2 Be7 7. O-O O-O 8. Nc3
Nc6 9. Bg5 cxd4 10. Nxd4 h6 11. Be3 Re8 12. a3 Be6 13. Kh1 $5 {/\ f4, Bg1, e4,
f5} (13. Qb3 Qd7 14. Nxe6 fxe6 15. Rad1 Bd6 $1 16. Bc1 Kh8 $10 {
Kortschnoj-Kasparov(2),London cs/1983/1/2/31/}) 13... Qd7 $6 14. Nxe6 fxe6 15.
f4 Red8 $1 (15... d4 $2 16. Ne4 $1) (15... Rad8 $2 {>< Re8}) 16. Bg1 Rac8 17.
Qa4 Kh8 18. Rad1 Qe8 19. e4 d4 $1 20. Ne2 (20. Bxd4 $2 b5 $1 $19) (20. e5 dxc3
21. exf6 Bxf6 22. bxc3 Qe7 $1 $132 {>< P}) 20... Bc5 21. Qb5 (21. b4 $2 d3 $1
22. Nc1 Bxg1 23. Kxg1 d2 24. Nb3 Ng4 $1 25. Rxd2 (25. b5 Qh5 26. h3 Ne3) 25...
Rxd2 26. Nxd2 Qd8 $1) 21... Bb6 22. h3 $1 {/\ 23.e5} (22. e5 Ng4 23. Bf3 Ne3
24. Bxe3 dxe3 25. Rd6 Rxd6 26. exd6 Rd8 27. Rd1 e5 $1 28. Bxc6 bxc6 29. Qxe5
Qg6 $132) 22... e5 $1 23. fxe5 $2 (23. Bh2 $1 {/\ 24.g4}) 23... Nxe5 24. Qxe8+
(24. Nxd4 Qxb5 25. Nxb5 Rxd1 26. Rxd1 Rc2 $44 27. Bxb6 axb6 28. b4 Nh5) 24...
Rxe8 25. Nxd4 Nc4 26. e5 $1 Rxe5 27. Bxb7 (27. Rc1 Ne4 $1 28. Kh2 Ned2 29. Rfd1
Rd8) 27... Rc7 28. Rc1 $1 Nxb2 $1 (28... Rxb7 $2 29. Rxc4 Re4 30. Rfc1 $16) 29.
Rxc7 Bxc7 30. Nc6 Re2 $1 (30... Rb5 $2 31. Bc8 $1 Ne4 32. Rf8+ Kh7 33. Kg2 $1
$16 Nxg3 $2 34. Bh2 Rg5 35. h4) 31. Nd4 (31. Nxa7 Nh5 $1) (31. Rf2 Ne4 $1)
31... Re5 32. Nf5 $1 Bb6 $1 33. Nxh6 Ra5 $1 34. Bxb6 (34. Bh2 Nd3 $1 (34...
Rxa3 $2 35. Nf7+ Kg8 36. Ne5 $1) 35. Nf5 Rxa3 $10) 34... axb6 35. Nf5 Rxa3 36.
Kh2 Nc4 37. g4 Ra7 $1 (37... Ne3 38. Nxe3 Rxe3 39. g5 Nh7 40. h4 {+/=/+/-}) 38.
Bh1 (38. Bg2 Ra2 $1) 38... Ne5 39. g5 $6 (39. Re1 {>=} Ra5 40. Re2 $14) 39...
Nh5 40. Re1 Ra5 41. Nd6 $1 {Abgabezug} (41. Ne7 $6 Nd3 $1 42. Rd1 Ra2+ 43. Kg1
Ndf4 (43... Nhf4 44. Ng6+) 44. Rd8+ Kh7 45. Be4+ g6 46. Bxg6+ $1 Nxg6 47. Nxg6
Kxg6 48. Rd6+ Kxg5 49. Rxb6 $10) (41. Nd6 $1 Kh7 42. Nb7 Rb5 43. Nd6) 1/2-1/2

[Event "Candidates f Kasparov-Smyslov +4-0=9"]
[Site "Vilnius"]
[Date "1984.03.28"]
[Round "8"]
[White "Smyslov, Vassily V"]
[Black "Kasparov, Garry"]
[Result "1/2-1/2"]
[WhiteElo "2600"]
[BlackElo "2710"]
[Annotator "ChessBase"]
[PlyCount "55"]
[EventDate "1984.03.10"]
[EventType "match"]
[EventRounds "13"]
[EventCountry "URS"]
[SourceTitle "Candidates"]
[Source "ChessBase"]
[SourceDate "1999.07.01"]
[SourceVersion "2"]
[SourceVersionDate "1999.07.01"]
[SourceQuality "1"]

1. d4 d5 2. Nf3 c5 3. c4 e6 4. cxd5 exd5 5. g3 Nf6 6. Bg2 Be7 7. O-O O-O 8. Nc3
Nc6 9. Bg5 cxd4 10. Nxd4 h6 11. Be3 Re8 12. a3 Be6 13. Kh1 Bg4 $1 14. f3 (14.
Qb3) (14. h3) 14... Bh5 {/\ 15.... Ba3} 15. Bg1 {/\ 16.Bh3!} Qd7 $1 16. Qa4 (
16. Nxc6 bxc6 17. e4 Qb7) 16... Bc5 $1 17. Rad1 Bb6 18. Rfe1 (18. Rd2 {>=})
18... Bg6 $1 {=/=/+} 19. Qb5 (19. Nxc6 $6 bxc6 20. e4 Bxg1 21. Kxg1 Qb7 $1 {
=/+/-/+} 22. exd5 Rxe1+ 23. Rxe1 Qb6+ $1 24. Kh1 Nxd5 25. Nxd5 cxd5) 19... Rad8
20. e3 $6 (20. Na4 {>=} Bxd4 21. Bxd4 Bc2 22. Bxf6 Bxd1 23. Bxd8 (23. Nc5 $2
Bxe2 $3 $19 24. Rxe2 Qf5 25. Rxe8+ Rxe8 26. Bc3 d4 27. Bd2 b6 $1) 23... Bxa4
24. Qxa4 Qxd8 25. f4 d4 $1 26. Bxc6 $2 bxc6 27. Qxc6 d3 28. e4 d2 29. Rd1 Re6
30. Qc3 Rd6 $10) 20... Qd6 21. Nce2 Ne5 $1 {/\ Nc4} 22. Qb3 Ba5 $1 23. Nc3 $8 (
23. Rf1 Nc4) 23... Nd3 $6 (23... a6 $1 {/\ b5 () <<}) 24. Re2 Nc5 25. Qa2 Bxc3
26. bxc3 (26. Nb5 Qa6 27. Nxc3 Na4 $1 (27... Bd3 28. Rf2 $1 Bc4 29. Qb1 Rxe3 $2
30. Rfd2)) 26... Qa6 $6 (26... Bd3 $6 27. Red2 Bc4 {>< f5}) 27. Red2 Na4 $6 (
27... Rc8 {>=} 28. Bh3 Rc7 29. Bf1 Qa5 30. c4 Na4 $5 31. Nb5 Rc5 32. e4 Rxb5
33. cxb5 Nc3) (27... Na4 $6 28. Qb3 Rc8 29. Nb5 $1 $13 (29. Bf1 $6 Qa5 30. Qb4
Qxb4 31. cxb4 a6 $1 $15)) 28. Qb3 1/2-1/2

[Event "Berlin East DSV"]
[Site "Berlin East"]
[Date "1982.10.19"]
[Round "10"]
[White "Knaak, Rainer"]
[Black "Lputian, Smbat G"]
[Result "0-1"]
[WhiteElo "2495"]
[BlackElo "2440"]
[Annotator "ChessBase"]
[PlyCount "70"]
[EventDate "1982.10.09"]
[EventType "tourn"]
[EventRounds "13"]
[EventCountry "DDR"]
[EventCategory "9"]
[SourceTitle "MCL"]
[Source "ChessBase"]
[SourceDate "1999.07.01"]
[SourceVersion "1"]
[SourceVersionDate "1999.07.01"]
[SourceQuality "1"]

1. d4 d5 2. c4 e6 3. Nc3 c5 4. cxd5 exd5 5. Nf3 Nc6 6. g3 Nf6 7. Bg2 Be7 8. O-O
O-O 9. dxc5 Bxc5 10. Bg5 d4 11. Bxf6 Qxf6 12. Nd5 Qd8 13. Nd2 Re8 14. Rc1 Bb6
15. Nb3 Be6 16. Nf4 $5 Qd6 17. Nxe6 Qxe6 18. Rc2 Rad8 19. Rd2 h5 $10 20. a4 (
20. Bxc6 $2 bxc6 21. Nxd4 Qxa2 22. Nxc6 Rxd2 23. Qxd2 Qc4 $17) (20. a3 h4 21.
Nc1 $10 {/\ Nd3}) 20... Qc4 (20... a5 21. Bxc6 bxc6 22. Nxd4 $10) 21. Bxc6 bxc6
22. a5 Bc7 23. Rd3 $5 (23. Qc2 Qxc2 24. Rxc2 Rd5 25. Rxc6 Bxa5 26. Nxa5 Rxa5
27. Rd1 Rxe2 28. Rxd4 $10) 23... h4 24. Qd2 h3 25. Rc1 (25. Nxd4 Bxa5 26. Qxa5
Rxd4 $15) 25... Qd5 26. f3 Be5 27. Kf2 Rd6 28. Nc5 (28. Rc5 $5) 28... Rg6 29.
b4 f5 30. Rg1 Bf6 $6 (30... f4 $15) 31. Qd1 {/\ Qb3} Kh7 32. f4 $1 Re4 $5 33.
Qc2 $2 (33. Rf3 $10) 33... Rxf4+ $1 34. Ke1 (34. gxf4 $145 $5 Bh4+ 35. Rdg3
Bxg3+ 36. hxg3 h2 37. Rd1 h1=Q (37... Rh6 38. Rh1 $3 Qxh1 39. Qxf5+ Rg6 40.
Qh3+ $10) 38. Rxh1+ Qxh1 39. Qxf5 Qh2+ 40. Ke1 Qxg3+ 41. Kd1 $44 {Knaak,R})
34... Be5 $1 $19 35. Qb3 Qg2 $1 0-1

[Event "Rishon Le Ziyyon"]
[Site "Rishon Le Ziyyon"]
[Date "1991.??.??"]
[Round "?"]
[White "Bronstein, David Ionovich"]
[Black "Votava, Jan"]
[Result "0-1"]
[WhiteElo "2460"]
[BlackElo "2395"]
[Annotator "ChessBase"]
[PlyCount "58"]
[EventDate "1991.??.??"]
[EventType "tourn"]
[EventRounds "11"]
[EventCountry "ISR"]
[EventCategory "5"]
[SourceTitle "EXT 1999"]
[Source "ChessBase"]
[SourceDate "1998.11.16"]
[SourceVersion "1"]
[SourceVersionDate "1998.11.16"]
[SourceQuality "1"]

1. d4 d5 2. c4 e6 3. Nc3 c5 4. cxd5 exd5 5. Nf3 Nc6 6. g3 Nf6 7. Bg2 Be7 8. O-O
O-O 9. dxc5 d4 $6 10. Na4 Bf5 11. Bg5 Be4 12. Ne1 Qd5 13. Bxe4 $6 (13. Bxf6
Bxg2 (13... Bxf6 $2 14. f3 Bg6 15. e4 Qd7 16. f4) 14. Nxg2 (14. Bxe7 Bxf1 15.
Bxf8 Rxf8) 14... Bxf6 15. Nf4) 13... Nxe4 (13... Qxe4) 14. Bxe7 Nxe7 15. Nf3
Rad8 16. Qc2 $2 (16. Qb3 Qxb3 (16... Qd7 17. Rfd1 Nc6 18. Rd3 Qe7 19. Rc1) 17.
axb3 Nc6 18. Rfd1 a5 19. Rac1 Rd5 20. Ne1) 16... Qf5 $6 (16... Qe6) 17. Qd3 Rd5
$5 (17... Nc6 18. Nd2) 18. b4 $2 (18. Nxd4 Qd7 19. e3 Ng5 (19... Nxf2 20. Rxf2
Qxa4) 20. Nc3) 18... Rfd8 19. Rac1 Qe6 $1 20. b5 g5 $1 21. e3 (21. Nd2 Nc3 $1)
21... Nf5 $1 22. exd4 Nxd4 23. Rfe1 (23. Rce1 Qf6 24. Kg2 Nxf3 25. Qxf3 Qxf3+
26. Kxf3 Nd2+) 23... Qf6 $19 24. Kg2 Nxf2 $1 25. Kxf2 Nxf3 26. Qxf3 Rf5 27. Re3
g4 28. Qxf5 Qxf5+ 29. Ke1 Qd5 0-1

[Event "Biel"]
[Site "Biel"]
[Date "1986.07.22"]
[Round "3"]
[White "Miles, Anthony John"]
[Black "Klinger, Josef"]
[Result "1-0"]
[WhiteElo "2570"]
[BlackElo "2430"]
[Annotator "Dolmatov,S"]
[PlyCount "93"]
[EventDate "1986.07.20"]
[EventType "tourn"]
[EventRounds "11"]
[EventCountry "SUI"]
[EventCategory "12"]
[SourceTitle "MCL"]
[Source "ChessBase"]
[SourceDate "1999.07.01"]
[SourceVersion "1"]
[SourceVersionDate "1999.07.01"]
[SourceQuality "1"]

1. Nf3 Nf6 2. c4 e6 3. Nc3 c5 4. g3 Nc6 5. Bg2 Be7 6. d4 d5 7. cxd5 exd5 8. O-O
O-O 9. dxc5 Bxc5 10. Bg5 d4 11. Bxf6 Qxf6 12. Nd5 Qd8 13. Nd2 Re8 14. Re1 Bg4
15. Nb3 Bb6 16. Qd2 (16. Nxb6 Qxb6 $6 17. Bxc6 bxc6 18. Qxd4 Rxe2 19. Rxe2 Bxe2
20. Qe4 $14 {Timman,J-Hernandez,Rom/Las Palmas/1977/}) 16... Be6 17. Nxb6 axb6
18. Bxc6 bxc6 19. Qxd4 c5 $1 (19... Bxb3 20. Qxd8 Raxd8 21. axb3 Rd2 22. Ra6
Rb8 23. Ra2 $14 {Vaisser,A-Groszpeter,A/Trnava/1983/}) 20. Qc3 h5 21. a3 (21.
Rad1 Qf6 22. Qxf6 gxf6 23. Nc1 (23. Ra1 Bxb3 24. axb3 Rxa1 25. Rxa1 Rxe2 $10)
23... Bxa2 $10) 21... Qd5 22. Nd2 h4 23. Nf3 hxg3 24. hxg3 Qh5 25. e4 (25. Rad1
Bd5 $44) 25... Bc8 26. Nh4 Qg4 (26... Bb7 27. Nf5 Qg6 28. f3 $14) 27. Rad1 $6 (
27. Qf3 Qxf3 28. Nxf3 Bb7 $10) 27... Bb7 28. Qf3 Qxf3 29. Nxf3 Bxe4 $10 30. Ng5
Bc6 31. f3 Rxe1+ (31... f6 32. Ne4 (32. Rxe8+ Rxe8 33. Rd6 Ba8 $10) (32. Ne6
Re7 33. Rd6 Bxf3 $10) 32... Bxe4 33. Rxe4 Rxe4 34. fxe4 $10) 32. Rxe1 f6 33.
Re6 Rc8 34. Ne4 Bxe4 35. Rxe4 Kf7 36. Kf2 $10 Rh8 37. Re2 Rh2+ $6 38. Ke3 Rxe2+
39. Kxe2 Ke6 40. Kd3 Kd5 41. b3 g5 42. Kc3 f5 43. Kd3 b5 44. g4 fxg4 (44... f4
45. a4 Kc6 46. Ke4 (46. axb5+ Kxb5 47. Kc3 Kb6 48. Kc4 Kc6 $10) 46... c4 47.
axb5+ Kxb5 48. bxc4+ Kxc4 49. Kf5 Kd3 50. Kxg5 Ke3 $10) 45. fxg4 Ke5 $2 (45...
Kc6 46. Ke4 Kd6 47. a4 (47. Kf5 $2 Kd5 48. Kxg5 c4 49. bxc4+ bxc4 50. Kf4 Kd4
51. Kf3 Kd3 $19) 47... c4 $10) 46. a4 $18 c4+ 47. Kc3 1-0

[Event "CSR-ch"]
[Site "Prague"]
[Date "1986.06.23"]
[Round "11"]
[White "Lechtynsky, Jiri"]
[Black "Pekarek, Ales"]
[Result "1/2-1/2"]
[WhiteElo "2445"]
[BlackElo "2440"]
[Annotator "Dolmatov,S"]
[PlyCount "110"]
[EventDate "1986.06.??"]
[EventType "tourn"]
[EventRounds "15"]
[EventCountry "CSR"]
[EventCategory "7"]
[SourceTitle "MCL"]
[Source "ChessBase"]
[SourceDate "1999.07.01"]
[SourceVersion "1"]
[SourceVersionDate "1999.07.01"]
[SourceQuality "1"]

1. d4 Nf6 2. Nf3 e6 3. g3 c5 4. Bg2 Nc6 5. O-O Be7 6. c4 d5 7. cxd5 exd5 8. Nc3
O-O 9. dxc5 Bxc5 10. Bg5 d4 11. Ne4 Be7 12. Bxf6 Bxf6 13. Qd2 Re8 (13... Be7
14. Rfd1 Bg4 15. Qf4 Bh5 16. g4 Bg6 17. Ne5 $14 {Salov,V-Lputian,S/USSR/1984/})
14. Nxf6+ Qxf6 15. Rfd1 Bg4 16. Nxd4 Rad8 (16... Nxd4 $2 17. Qxd4 Qxd4 18. Rxd4
Bxe2 19. Bxb7 Rab8 20. Rd7 $16) 17. Bxc6 bxc6 18. Qc3 (18. Qf4 $6 Qxf4 19. gxf4
Rd6 (19... c5 20. Nc6 Rxd1+ 21. Rxd1 Bxe2 22. Re1 Re6 23. f3 $10) 20. f3 Bh3
$44) 18... Bxe2 19. Nxe2 Rxd1+ 20. Rxd1 Rxe2 21. Qxf6 gxf6 22. Rd8+ Kg7 23. Rb8
a5 $10 24. a4 Rc2 25. b3 Kg6 26. Kg2 Rc3 27. Rb7 f5 28. Rb6 Kg5 (28... f6 $10)
29. h4+ Kg4 (29... Kg6 30. Ra6 f6 31. Rxa5 Rxb3 32. Rc5 Rb4 33. a5 Ra4 34. Kf3)
30. Rb7 f4 31. Rxf7 fxg3 32. Rg7+ Kxh4 33. fxg3+ Kh5 34. Rxh7+ Kg5 35. Rg7+ Kf5
(35... Kh5 36. Rb7 (36. Kh3 Rxb3 37. Ra7 Rb4 38. Rxa5+ Kg6 $10) 36... Kg4 $10)
36. Rf7+ Ke4 37. Rf4+ Ke5 38. Rf3 Rc2+ 39. Rf2 Rc3 40. Rf3 Rc2+ 41. Kh3 c5 42.
Kg4 $6 (42. g4 Ke4 (42... c4 43. bxc4 Rxc4 44. Rf5+ Ke6 45. Rxa5 $18) 43. Kg3
$16) 42... Ke4 43. Rf4+ Kd5 44. Rf8 Kd4 45. Rb8 Kd3 (45... c4 46. bxc4 Rxc4 $2
(46... Ra2 $1 $10) 47. Rf8 $16) 46. Kf3 c4 47. Rb5 Ra2 48. bxc4 Rxa4 49. Rf5
Kxc4 50. g4 Ra1 51. g5 a4 52. g6 Rg1 53. Rf4+ Kc5 54. Rg4 Rxg4 55. Kxg4 a3
1/2-1/2